Sports Quiz

Random Sports or NBA Quiz
Score 0/100 Timer 20:00
0 Plays Today
Team Player % Correct
HOUJames Harden
99.5%
OKCRussell Westbrook
95.8%
GSWKevin Durant
95.3%
GSWStephen Curry
95%
PORDamian Lillard
94.1%
WASBradley Beal
94%
OKCPaul George
93.9%
MINKarl-Anthony Towns
91.7%
GSWKlay Thompson
91.5%
PHIJoel Embiid
91.1%
CHOKemba Walker
90.5%
UTADonovan Mitchell
90.5%
DETBlake Griffin
90%
PHODevin Booker
89.7%
MILGiannis Antetokounmpo
85.3%
SASLaMarcus Aldridge
84.4%
SASDeMar DeRozan
84.3%
BRKD'Angelo Russell
82.2%
BOSKyrie Irving
79.9%
SACBuddy Hield
79.7%
LAC/PHITobias Harris
79.7%
NOPAnthony Davis
79.7%
BRKJoe Harris
79.7%
TORKawhi Leonard
79.5%
SACDe'Aaron Fox
79.4%
LALLeBron James
79%
DENJamal Murray
76.5%
ORLAaron Gordon
76%
HOUEric Gordon
75.8%
ATLTrae Young
73.8%
PHIBen Simmons
73.7%
INDThaddeus Young
72.9%
CHIZach LaVine
68.2%
NOPJrue Holiday
67.8%
Team Player % Correct
DETAndre Drummond
67.6%
BOSJayson Tatum
67.6%
MIN/ PHIJimmy Butler
67.5%
LACLou Williams
66.1%
MILKhris Middleton
65.6%
UTARudy Gobert
65.6%
PORCJ McCollum
64.8%
TORKyle Lowry
64.1%
MINAndrew Wiggins
61.8%
MEMMike Conley
59.2%
OKCSteven Adams
58.6%
TORPascal Siakam
57.2%
BOSJaylen Brown
56.8%
CLECollin Sexton
55.5%
MEM/ TORMarc Gasol
55.4%
ORLEvan Fournier
54.1%
LALKyle Kuzma
53.1%
LALBrandon Ingram
52.9%
MILEric Bledsoe
52.1%
MILBrook Lopez
49.4%
BOSAl Horford
48.5%
INDMyles Turner
48.4%
WASJeff Green
48.3%
DETReggie Jackson
47.9%
INDDomantas Sabonis
45.1%
DAL/SACHarrison Barnes
44.6%
PHIJ.J. Redick
44.4%
HOUClint Capela
44.3%
LACMontrezl Harrell
43.5%
BRKSpencer Dinwiddie
42.7%
NOPJulius Randle
41.7%
ATLJohn Collins
41.4%
PHODeandre Ayton
41.1%
MINDerrick Rose
39.1%
Team Player % Correct
TORSerge Ibaka
38.4%
NYK/ DALTim Hardaway
37.9%
MILMalcolm Brogdon
37.9%
LACDanilo Gallinari
35.5%
UTAJoe Ingles
32.8%
MIADwyane Wade
31.7%
ORLD.J. Augustin
31.1%
WAS/ PHOKelly Oubre
30.5%
SACMarvin Bagley
29.6%
MIAJosh Richardson
29.5%
CLEJordan Clarkson
29.2%
CHILauri Markkanen
28.3%
ORLTerrence Ross
27.5%
BOSMarcus Morris
26.5%
CLECedi Osman
24.1%
OKCJerami Grant
22.2%
SASRudy Gay
20.3%
CHOJeremy Lamb
19.5%
CHI/WASJabari Parker
19.4%
DENNikola Jokic
15.1%
SACWillie Cauley-Stein
14.1%
DALLuka Doncic
13.1%
LALKentavious Caldwell-Pope
13%
SASBryn Forbes
12.8%
NYKKevin Knox
12.6%
ORLNikola Vucevic
12.4%
INDBojan Bogdanovic
12.3%
SACBogdan Bogdanovic
12.2%
DENMalik Beasley
9.7%
UTAJae Crowder
9%
PORJusuf Nurkic
7.3%
OKCDennis Schroder
6.3%
Remove Ads.
Support Sporcle.
Get the best of Sporcle when you Go Orange. This ad-free experience offers more features, more stats, and more fun while also helping to support Sporcle. Thank you for becoming a member.

You're not logged in!

Compare scores with friends on all Sporcle quizzes.
OR
Log In

Show Comments

Extras

Created Dec 10, 2018ReportNominate
Tags:NBA Quiz, 100, Player, pts, Scorer, season, team, Top 100

Top Quizzes Today


Score Distribution

Your Account Isn't Verified!

In order to create a playlist on Sporcle, you need to verify the email address you used during registration. Go to your Sporcle Settings to finish the process.

Report this User

Report this user for behavior that violates our Community Guidelines.

Details: